[Event "Ricany op"]
[Site "Ricany"]
[Date "2015.08.28"]
[Round "8"]
[White "Tvrdy, Jindrich"]
[Black "Petrun, Milan"]
[Result "1/2-1/2"]
[WhiteElo "1885"]
[BlackElo "1991"]
[PlyCount "148"]
[EventDate "2015.08.22"]
[EventType "swiss"]
[EventRounds "9"]
[EventCountry "CZE"]
[SourceTitle "EXT 2023"]
[Source "ChessBase"]
[SourceDate "2022.10.05"]
[SourceVersion "1"]
[SourceVersionDate "2022.10.05"]
[SourceQuality "1"]

1. e4 c5 2. Nc3 d6 3. g3 g6 4. Bg2 Bg7 5. d3 Nc6 6. f4 Nf6 7. Nf3 0-0 8. 0-0 Rb8 9. h3 b5 10. g4 b4 11. Ne2 Qb6 12. Ng3 c4+ 13. Kh2 cxd3 14. cxd3 Ba6 15. Re1 Nd7 16. Be3 Nd4 17. e5 Nxf3+ 18. Bxf3 Qd8 19. d4 Nb6 20. b3 Bb7 21. Rc1 a5 22. Bxb7 Rxb7 23. Qf3 Qb8 24. Rc2 Rc8 25. Rec1 Rbc7 26. Qg2 Rxc2 27. Rxc2 Rxc2 28. Qxc2 Nd5 29. Qe4 Nc3 30. Qc2 Qb7 31. Ne2 Qe4 32. Qxe4 Nxe4 33. Kg2 d5 34. Bc1 e6 35. Kf3 Bf8 36. Be3 Be7 37. Bf2 Kf8 38. Be1 Ke8 39. Ke3 Kd7 40. g5 Kc6 41. Kd3 Kb5 42. h4 Bf8 43. Kc2 Be7 44. Kd3 Bd8 45. Kc2 Bb6 46. Kd3 a4 47. Kc2 Ba5 48. Kd3 axb3 49. axb3 Kc6 50. Kc2 Kd7 51. Kd3 Ke7 52. Nc1 Kf8 53. Na2 Kg7 54. Bxb4 Bxb4 55. Nxb4 Ng3 56. Nc6 Kf8 57. Nb4 Ke8 58. Nc2 Nf5 59. Ne3 Nxh4 60. Ng4 Kd8 61. Nf6 Ng2 62. Nxh7 Nxf4+ 63. Ke3 Nh5 64. Nf6 Ng7 65. Ng4 Kc7 66. Nh6 Kb6 67. Nxf7 Ka5 68. Nh8 Kb4 69. Nxg6 Kc3 70. Nh4 Kxb3 71. Kd3 Kb4 72. Nf3 Nf5 73. g6 Kb5 74. Ng5 Ng7 1/2-1/2

[Event "Ricany op"]
[Site "Ricany"]
[Date "2015.08.22"]
[Round "1"]
[White "Starek, Stanislav"]
[Black "Tvrdy, Jindrich"]
[Result "1-0"]
[WhiteElo "2165"]
[BlackElo "1885"]
[PlyCount "65"]
[EventDate "2015.08.22"]
[EventType "swiss"]
[EventRounds "9"]
[EventCountry "CZE"]
[SourceTitle "EXT 2023"]
[Source "ChessBase"]
[SourceDate "2022.10.05"]
[SourceVersion "1"]
[SourceVersionDate "2022.10.05"]
[SourceQuality "1"]

1. d4 Nf6 2. Nf3 d6 3. Nc3 g6 4. Bf4 Bg7 5. e4 c6 6. Qd2 b5 7. a3 Qa5 8. Bd3 Bg4 9. 0-0-0 Bxf3 10. gxf3 Nh5 11. Be3 e5 12. d5 b4 13. Na2 c5 14. Bc4 Na6 15. Kb1 0-0 16. Bxa6 Qxa6 17. axb4 f5 18. Qd3 c4 19. Qa3 Qb7 20. Rhg1 Rfb8 21. exf5 gxf5 22. Bh6 Kh8 23. Bxg7+ Nxg7 24. Qa5 f4 25. Rg5 Ne8 26. Kc1 Nf6 27. Rf5 Rf8 28. Nc3 Qd7 29. Rg5 Rab8 30. Rdg1 Rg8 31. Rxg8+ Nxg8 32. Ne4 Rc8 33. Qa6 1-0

[Event "Ricany op"]
[Site "Ricany"]
[Date "2012.09.01"]
[Round "8"]
[White "Tvrdy, Jindrich"]
[Black "Vavrinec, Tomas"]
[Result "0-1"]
[WhiteElo "1908"]
[BlackElo "2018"]
[PlyCount "84"]
[EventDate "2012.08.26"]
[EventType "swiss"]
[EventRounds "9"]
[EventCountry "CZE"]
[SourceTitle "CBM 150 Extra"]
[Source "ChessBase"]
[SourceDate "2012.10.19"]
[SourceVersion "1"]
[SourceVersionDate "2012.10.19"]
[SourceQuality "1"]

1. e4 e6 2. d3 d5 3. Qe2 Nf6 4. Nf3 Be7 5. g3 b6 6. Bg2 c5 7. e5 Nfd7 8. c4 Nf8 9. h4 h6 10. 0-0 Nc6 11. Re1 Bb7 12. Nc3 Qd7 13. cxd5 exd5 14. d4 cxd4 15. Nb5 Ne6 16. Bh3 d3 17. Qxd3 0-0 18. Bxe6 fxe6 19. Nbd4 Nxd4 20. Nxd4 Bb4 21. Rd1 Qf7 22. Be3 a5 23. Qe2 Ba6 24. Qg4 Rae8 25. h5 Bc5 26. Kg2 Kh7 27. Rac1 a4 28. b3 a3 29. Rc3 Rg8 30. Qf3 Qe7 31. Nc6 Qb7 32. Bxc5 bxc5 33. Rxc5 Rgf8 34. Qc3 Rf5 35. Qc2 Kh8 36. f4 d4 37. Rxd4 Rxh5 38. Rb4 Qa8 39. Ra4 Rc8 40. Qc3 Qb7 41. Qb4 Rxc6 42. Rxc6 Qxc6+ 0-1

[Event "Ricany op-A"]
[Site "Ricany"]
[Date "2011.08.25"]
[Round "7"]
[White "Tvrdy, Jindrich"]
[Black "Prochazka, Petr"]
[Result "0-1"]
[WhiteElo "1920"]
[BlackElo "2008"]
[PlyCount "88"]
[EventDate "2011.08.20"]
[EventType "swiss"]
[EventRounds "9"]
[EventCountry "CZE"]
[SourceTitle "CBM 144 Extra"]
[Source "ChessBase"]
[SourceDate "2011.10.28"]
[SourceVersion "1"]
[SourceVersionDate "2011.10.28"]
[SourceQuality "1"]

1. e4 d5 2. exd5 Nf6 3. d4 Bg4 4. Nf3 Qxd5 5. Nc3 Qh5 6. Nb5 Na6 7. Bf4 c6 8. Nc7+ Nxc7 9. Bxc7 Nd5 10. Bg3 Bxf3 11. Qxf3 Qxf3 12. gxf3 e6 13. 0-0-0 0-0-0 14. c4 Ne7 15. Bh3 b6 16. Bh4 Kb7 17. Rhe1 Rd7 18. Bxe7 Bxe7 19. d5 cxd5 20. cxd5 Bg5+ 21. Kc2 Rc8+ 22. Kb3 Rcd8 23. Re4 Rxd5 24. Rxd5 Rxd5 25. f4 Bf6 26. Bg2 Kc7 27. Rc4+ Rc5 28. Rxc5+ bxc5 29. Kc4 Bxb2 30. Kxc5 f5 31. Kb5 Bd4 32. f3 Be3 33. Ka6 Kd6 34. a4 e5 35. Kb7 exf4 36. a5 g5 37. Bh3 Ke5 38. a6 h5 39. Bg2 g4 40. Kc6 h4 41. h3 g3 42. Bf1 Bb6 43. Kd7 Kd4 44. Ke6 Ke3 0-1

[Event "Ricany op-A"]
[Site "Ricany"]
[Date "2011.08.24"]
[Round "6"]
[White "Rihova, Kamila"]
[Black "Tvrdy, Jindrich"]
[Result "0-1"]
[WhiteElo "1631"]
[BlackElo "1920"]
[PlyCount "62"]
[EventDate "2011.08.20"]
[EventType "swiss"]
[EventRounds "9"]
[EventCountry "CZE"]
[SourceTitle "CBM 144 Extra"]
[Source "ChessBase"]
[SourceDate "2011.10.28"]
[SourceVersion "1"]
[SourceVersionDate "2011.10.28"]
[SourceQuality "1"]

1. e4 d6 2. d4 Nf6 3. Nc3 g6 4. f4 Bg7 5. Nf3 c5 6. dxc5 Qa5 7. Bd3 Qxc5 8. Qe2 Nc6 9. h3 Nh5 10. Qd2 Nxf4 11. Qxf4 Bxc3+ 12. Ke2 Nd4+ 13. Nxd4 Bxd4 14. Rf1 Be6 15. c3 Be5 16. Qh6 d5 17. Be3 Qc6 18. a4 dxe4 19. Bb5 Bc4+ 20. Ke1 Bxb5 21. axb5 Bg3+ 22. Kd2 Qxb5 23. Kc2 Be5 24. Bf4 Qd3+ 25. Kb3 Bxf4 26. Rxf4 Qb5+ 27. Ka2 Qa5+ 28. Kb1 Qe5 29. Ra4 f5 30. Qh4 0-0 31. g4 Qxf4 0-1